000 00299nam a2200121Ia 4500
008 241015s9999 xx 000 0 und d
041 _aeng
082 _a658.4013 MOR
100 _aMorgan
245 _aLean Six Sigma For Dummies
260 _bWiley India
_aNew Delhi
_c2016
300 _a350;. p. 23 cm
999 _c41898
_d41898